[Event "Paris Apsap op 33rd"]
[Site "Paris"]
[Date "2002.??.??"]
[Round "4"]
[White "Le Gall, Eric"]
[Black "Valat, Florian"]
[Result "1/2-1/2"]
[WhiteElo "1900"]
[BlackElo "2143"]
[PlyCount "71"]
[EventDate "2002.10.11"]
[EventType "tourn"]
[EventRounds "7"]
[EventCountry "FRA"]
[SourceTitle "EXT 2003"]
[Source "ChessBase"]
[SourceDate "2002.11.25"]
[SourceVersion "1"]
[SourceVersionDate "2002.11.25"]
[SourceQuality "1"]

1. e4 c5 2. c3 d5 3. exd5 Qxd5 4. d4 Nf6 5. Nf3 Bg4 6. Be2 e6 7. 0-0 Be7 8. h3 Bh5 9. Na3 a6 10. Nc2 0-0 11. Bf4 Nc6 12. Ne3 Qd8 13. dxc5 Bxc5 14. g4 Bg6 15. Nc4 Nd5 16. Bg3 f6 17. Nh4 Nce7 18. Nxg6 Nxg6 19. Qc2 b5 20. Nd2 f5 21. Nf3 Ndf4 22. Kh2 Nxe2 23. Qxe2 f4 24. Qxe6+ Kh8 25. Rad1 fxg3+ 26. fxg3 Qe8 27. Qd5 Qe2+ 28. Kh1 Bb6 29. Rde1 Qxb2 30. Ng5 h6 31. Ne6 Rxf1+ 32. Rxf1 Qxc3 33. Qxa8+ Kh7 34. Nf8+ Nxf8 35. Qxf8 Qxg3 36. Qf5+ 1/2-1/2

[Event "Syre Memorial op 21st"]
[Site "Issy les Moulineaux"]
[Date "1998.05.23"]
[Round "4"]
[White "Demarre, Jacques"]
[Black "Valat, Florian"]
[Result "1-0"]
[WhiteElo "2310"]
[BlackElo "2090"]
[PlyCount "85"]
[EventDate "1998.05.21"]
[EventType "swiss"]
[EventRounds "9"]
[EventCountry "FRA"]
[SourceTitle "EXT 2004"]
[Source "ChessBase"]
[SourceDate "2003.11.25"]
[SourceVersion "1"]
[SourceVersionDate "2003.11.25"]
[SourceQuality "1"]

1. d4 Nf6 2. Nf3 c5 3. c4 cxd4 4. Nxd4 Nc6 5. Nc3 d5 6. cxd5 Nxd5 7. Nxc6 bxc6 8. Bd2 Bb7 9. Rc1 Rc8 10. Qa4 Qd7 11. e4 Nf6 12. Be2 e6 13. Qxa7 Bb4 14. Qe3 0-0 15. 0-0 Rfd8 16. Rfd1 Qe7 17. a3 Bc5 18. Qg3 Qf8 19. Bg5 Be7 20. e5 Nd5 21. Ne4 f6 22. exf6 Bxf6 23. Rxd5 cxd5 24. Nxf6+ Kh8 25. Rxc8 Rxc8 26. Nd7 Qe8 27. Ne5 h6 28. Bf4 d4 29. h4 Be4 30. Bd3 Bxd3 31. Qxd3 Kg8 32. Qxd4 Rd8 33. Qe4 Qe7 34. Nf3 Qf7 35. g3 g5 36. hxg5 Rd1+ 37. Kg2 Qh5 38. Qxe6+ Kh7 39. Qe4+ Kg8 40. Qc4+ Kf8 41. Qb4+ Kg7 42. Be5+ Kg6 43. Nh4+ 1-0